Undue influence #3/ Steve Martini.
Available copies
- 2 of 2 copies available at LARL/NWRL Consortium. (Show)
- 2 of 2 copies available at Northwest Regional Library.
Current holds
0 current holds with 2 total copies.
Show Only Available Copies
| Location | Call Number / Copy Notes | Barcode | Shelving Location | Status | Due Date |
|---|---|---|---|---|---|
| Roseau Public Library | MAR (Text) | 35500002043543 | Main | Available | - |
| Warroad Public Library | MAR (Text) | 35500001803996 | Main | Available | - |
Record details
- ISBN: 039913932X :
- Physical Description: 462 p. : 24 cm.
- Publisher: New York : Putnam, c1994.
Search for related items by series
| LDR | 00835cam a2200253Ia 4500 | ||
|---|---|---|---|
| 001 | 13914 | ||
| 003 | LARL_NWRL_CONSORTIUM | ||
| 005 | 19940622145703.0 | ||
| 008 | 940308s1994 nyu 000 1 eng | ||
| 020 | . | ‡a039913932X : ‡c$22.95 | |
| 035 | . | ‡a(OCoLC)30030844 | |
| 082 | 0 | 0. | ‡a813/.54 ‡220 |
| 099 | . | ‡aMar | |
| 100 | 1 | . | ‡aMartini, Steve, ‡d1946- ‡0(LARL_NWRL_CONSORTIUM)94778 |
| 245 | 1 | 0. | ‡aUndue influence ‡n#3/ ‡cSteve Martini. |
| 260 | . | ‡aNew York : ‡bPutnam, ‡cc1994. | |
| 300 | . | ‡a462 p. : 24 cm. | |
| 490 | 0 | . | ‡aPaul Madriani ; ‡v3 |
| 901 | . | ‡a13914 ‡bOCLC ‡c13914 ‡tbiblio | |

Add to basket
Permalink
Enable Highlighting